[Event "EU-ch U18 Girls 31st"]
[Site "Mamaia"]
[Date "2023.09.14"]
[Round "9"]
[White "Allahverdiyeva, Ayan"]
[Black "Dakic, Marta"]
[Result "1/2-1/2"]
[WhiteElo "2169"]
[BlackElo "1823"]
[PlyCount "100"]
[EventDate "2023.09.05"]
[EventType "swiss"]
[EventRounds "9"]
[EventCountry "ROU"]
[SourceTitle "EXT 2024"]
[Source "ChessBase"]
[SourceDate "2023.10.10"]
[SourceVersion "1"]
[SourceVersionDate "2023.10.10"]
[SourceQuality "1"]

1. e4 e5 2. Nf3 Nc6 3. Bb5 a6 4. Ba4 Nf6 5. 0-0 b5 6. Bb3 Be7 7. Re1 0-0 8. h3 d6 9. c3 Nb8 10. d4 Nbd7 11. c4 Bb7 12. Nc3 b4 13. Nd5 a5 14. Qc2 Re8 15. Nxe7+ Qxe7 16. c5 dxc5 17. Ng5 Rf8 18. dxe5 Nxe5 19. f4 c4 20. fxe5 cxb3 21. exf6 gxf6 22. Qxb3 fxg5 23. Qg3 h6 24. h4 Ra6 25. Bf4 Rg6 26. hxg5 hxg5 27. Be3 Rd8 28. Rac1 Qd6 29. e5 Qe7 30. Rc5 Rd5 31. Rxd5 Bxd5 32. Rf1 Bxa2 33. Rf6 Rxf6 34. Qxg5+ Kf8 35. exf6 Qe4 36. Bf4 Qb1+ 37. Kh2 Qh7+ 38. Kg3 Qd3+ 39. Be3 Qe4 40. Qc5+ Ke8 41. Bf4 Bd5 42. Qb5+ Kd8 43. Qb8+ Kd7 44. Qxc7+ Ke6 45. Kg4 Qxg2+ 46. Kh4 Qh1+ 47. Kg5 Qg2+ 48. Kh4 Qh1+ 49. Kg5 Qg2+ 50. Kh4 Qh1+ 1/2-1/2

[Event "EU-ch U18 Girls 31st"]
[Site "Mamaia"]
[Date "2023.09.05"]
[Round "1"]
[White "Nadzamova, Viktoria"]
[Black "Dakic, Marta"]
[Result "1/2-1/2"]
[WhiteElo "2114"]
[BlackElo "1823"]
[PlyCount "83"]
[EventDate "2023.09.05"]
[EventType "swiss"]
[EventRounds "9"]
[EventCountry "ROU"]
[SourceTitle "EXT 2024"]
[Source "ChessBase"]
[SourceDate "2023.10.10"]
[SourceVersion "1"]
[SourceVersionDate "2023.10.10"]
[SourceQuality "1"]

1. e4 e5 2. Nf3 Nc6 3. Bb5 a6 4. Ba4 Nf6 5. d3 b5 6. Bb3 Be7 7. 0-0 0-0 8. Re1 d6 9. c3 Nb8 10. Nbd2 Nbd7 11. Nf1 Nc5 12. Bc2 Bb7 13. Ng3 Re8 14. b4 Ncd7 15. Nf5 Bf8 16. a3 a5 17. Bb2 d5 18. Bb3 h6 19. Qc2 Ra7 20. Rad1 Qa8 21. Ng3 c5 22. exd5 cxb4 23. axb4 a4 24. Ba2 Nxd5 25. d4 e4 26. Rxe4 Rxe4 27. Qxe4 Nxc3 28. Bxf7+ Kh8 29. Qf5 Nxd1 30. Nh4 Ra6 31. Be6 Rxe6 32. Qxe6 Nxb2 33. Ng6+ Kh7 34. Qxd7 Qc8 35. Nxf8+ Kg8 36. Qe7 Qxf8 37. Qxb7 Qxb4 38. Qd5+ Kf8 39. Qd8+ Kf7 40. Qd5+ Kf8 41. Qd8+ Kf7 42. Qd5+ 1/2-1/2

[Event "Belgrade Serbia op"]
[Site "Belgrade"]
[Date "2023.07.23"]
[Round "8"]
[White "Stefanovic, Bosko"]
[Black "Dakic, Marta"]
[Result "1-0"]
[WhiteElo "2039"]
[BlackElo "1884"]
[PlyCount "59"]
[EventDate "2023.07.16"]
[EventType "swiss"]
[EventRounds "9"]
[EventCountry "SRB"]
[SourceTitle "EXT 2024"]
[Source "ChessBase"]
[SourceDate "2023.10.10"]
[SourceVersion "1"]
[SourceVersionDate "2023.10.10"]
[SourceQuality "1"]

1. d4 Nf6 2. Bf4 e6 3. e3 c5 4. Nd2 cxd4 5. exd4 Be7 6. c3 b6 7. Ngf3 Bb7 8. Bd3 d6 9. 0-0 Nbd7 10. Re1 0-0 11. h3 Re8 12. Qe2 a6 13. Ng5 Bf8 14. Ndf3 h6 15. Ne4 Nxe4 16. Bxe4 Qc7 17. Rad1 Bxe4 18. Qxe4 Nf6 19. Qd3 b5 20. Nd2 Qb7 21. Ne4 Nxe4 22. Rxe4 Qd5 23. Re3 a5 24. Rg3 Kh8 25. Qf3 b4 26. Bxh6 bxc3 27. bxc3 g6 28. Qf6+ Kh7 29. Bxf8 Rxf8 30. Rg4 1-0

[Event "Belgrade Serbia op"]
[Site "Belgrade"]
[Date "2023.07.18"]
[Round "3"]
[White "Dakic, Marta"]
[Black "Stanojevic, Ilija"]
[Result "1-0"]
[WhiteElo "1884"]
[BlackElo "2133"]
[PlyCount "94"]
[EventDate "2023.07.16"]
[EventType "swiss"]
[EventRounds "9"]
[EventCountry "SRB"]
[SourceTitle "CBM 215 Extra"]
[Source "ChessBase"]
[SourceDate "2023.09.30"]
[SourceVersion "1"]
[SourceVersionDate "2023.09.30"]
[SourceQuality "1"]

1. e4 c5 2. Nf3 d6 3. d4 cxd4 4. Nxd4 Nf6 5. Nc3 a6 6. f3 e5 7. Nb3 Be7 8. Be3 Be6 9. Qd2 h5 10. Nd5 Nxd5 11. exd5 Bf5 12. Bd3 Bxd3 13. Qxd3 Nd7 14. 0-0-0 Bg5 15. Bxg5 Qxg5+ 16. Kb1 Rc8 17. Qe2 0-0 18. h4 Qg6 19. g4 Nf6 20. gxh5 Qxh5 21. Rhg1 e4 22. Qg2 g6 23. fxe4 Rfe8 24. Nd2 Rc7 25. Rdf1 Kg7 26. Rf4 Rce7 27. Qf2 Nh7 28. Rf5 Qh6 29. h5 g5 30. Qd4+ f6 31. Rh1 Re5 32. Rxe5 fxe5 33. Qb6 g4 34. Qxb7+ Kh8 35. Qd7 Rf8 36. Nb3 g3 37. Qh3 Qe3 38. h6 Qxe4 39. Rg1 Rg8 40. Qg2 Qe3 41. Nd2 Nf6 42. Nc4 Qc5 43. Qf1 Kh7 44. Qf5+ Kh8 45. Qxf6+ Kh7 46. Qf7+ Kh8 47. Qf1 Rd8 1-0

[Event "Paracin op 16th"]
[Site "Paracin"]
[Date "2023.07.07"]
[Round "1"]
[White "Dakic, Marta"]
[Black "Vignesh, B."]
[Result "0-1"]
[WhiteElo "1884"]
[BlackElo "2197"]
[PlyCount "56"]
[EventDate "2023.07.07"]
[EventType "swiss"]
[EventRounds "9"]
[EventCountry "SRB"]
[SourceTitle "EXT 2024"]
[Source "ChessBase"]
[SourceDate "2023.10.10"]
[SourceVersion "1"]
[SourceVersionDate "2023.10.10"]
[SourceQuality "1"]

1. e4 g6 2. d4 Bg7 3. Nc3 d6 4. g3 h5 5. h3 Nd7 6. Nge2 c5 7. Be3 cxd4 8. Nxd4 Ngf6 9. Bg2 Ne5 10. Qe2 Bd7 11. f4 Nc6 12. 0-0-0 Qc8 13. e5 dxe5 14. Nxc6 Bxc6 15. fxe5 Nh7 16. Nd5 e6 17. Nc3 Bxg2 18. Qxg2 Bxe5 19. Bd4 Bxd4 20. Rxd4 0-0 21. g4 Qc5 22. Qd2 Ng5 23. b4 Qc6 24. Qxg5 Qxc3 25. Rd3 Qa1+ 26. Kd2 Qxh1 27. gxh5 Qe4 28. Qf6 Qf5 0-1

[Event "Gligoric Cup (Women) 9th"]
[Site "Paracin"]
[Date "2023.05.18"]
[Round "4.12"]
[White "Dakic, Marta"]
[Black "Maksimovic, Suzana"]
[Result "0-1"]
[WhiteElo "1895"]
[BlackElo "2135"]
[PlyCount "58"]
[EventDate "2023.05.16"]
[EventType "team-swiss"]
[EventRounds "5"]
[EventCountry "SRB"]
[SourceTitle "CBM 215 Extra"]
[Source "ChessBase"]
[SourceDate "2023.09.30"]
[SourceVersion "1"]
[SourceVersionDate "2023.09.30"]
[SourceQuality "1"]
[WhiteTeam "Belgrade Vitez (W)"]
[BlackTeam "Kac Jugovic (W)"]
[WhiteTeamCountry "SRB"]
[BlackTeamCountry "SRB"]

1. e4 c5 2. Nf3 Nc6 3. d4 cxd4 4. Nxd4 e5 5. Nb5 d6 6. N1c3 a6 7. Na3 b5 8. Nd5 Nf6 9. Bg5 Be7 10. Bxf6 Bxf6 11. c4 b4 12. Nc2 a5 13. g3 0-0 14. Bg2 g6 15. 0-0 Bg7 16. Nce3 Rb8 17. b3 Kh8 18. Qd3 f5 19. Rad1 f4 20. Nc2 g5 21. f3 g4 22. fxg4 Bxg4 23. Bf3 Bc8 24. Kh1 fxg3 25. hxg3 Qg5 26. Kg2 Nd4 27. Qd2 Nxf3 28. Rxf3 Bh3+ 29. Kxh3 Qh5+ 0-1

[Event "Belgrade-chT2 Quality"]
[Site "Belgrade"]
[Date "2022.11.12"]
[Round "10.6"]
[White "Dakic, Marta"]
[Black "Stefanovic, Ivo"]
[Result "1/2-1/2"]
[WhiteElo "1754"]
[BlackElo "1943"]
[PlyCount "86"]
[EventDate "2022.10.15"]
[EventType "team-tourn"]
[EventRounds "13"]
[EventCountry "SRB"]
[SourceTitle "EXT 2024"]
[Source "ChessBase"]
[SourceDate "2023.10.10"]
[SourceVersion "1"]
[SourceVersionDate "2023.10.10"]
[SourceQuality "1"]
[WhiteTeam "Belgrade Polet"]
[BlackTeam "Sremcica"]
[WhiteTeamCountry "SRB"]
[BlackTeamCountry "SRB"]

1. e4 c5 2. Nf3 e6 3. d4 cxd4 4. Nxd4 a6 5. c4 Qc7 6. Nc3 Nf6 7. a3 Nc6 8. Be2 Ne5 9. Be3 h5 10. h3 d6 11. 0-0 Bd7 12. Rc1 Rc8 13. f4 Ng6 14. f5 Ne5 15. fxe6 fxe6 16. Bg5 Be7 17. Bxf6 Bxf6 18. Bxh5+ Ke7 19. Nf5+ Kd8 20. Nxd6 Rxh5 21. Nxc8 Rg5 22. Nd6 Qc5+ 23. Kh1 Kc7 24. Ncb5+ Kb8 25. b4 Qc6 26. Nc3 Rg3 27. b5 Qc5 28. bxa6 Qxa3 29. Ndb5 Bxb5 30. Nxb5 Rxh3+ 31. Kg1 Qc5+ 32. Rf2 Nd3 33. gxh3 Qxf2+ 34. Kh1 Qe3 35. a7+ Ka8 36. Nc7+ Kxa7 37. Qa4+ Kb8 38. Na6+ bxa6 39. Rb1+ Nb2 40. Qe8+ Kc7 41. Qxe6 Qf3+ 42. Kh2 Qf2+ 43. Kh1 Qf3+ 1/2-1/2

[Event "Belgrade-chT2 Quality"]
[Site "Belgrade"]
[Date "2022.11.06"]
[Round "9.6"]
[White "Nenezic, Goran"]
[Black "Dakic, Marta"]
[Result "0-1"]
[WhiteElo "1953"]
[BlackElo "1754"]
[PlyCount "82"]
[EventDate "2022.10.15"]
[EventType "team-tourn"]
[EventRounds "13"]
[EventCountry "SRB"]
[SourceTitle "EXT 2024"]
[Source "ChessBase"]
[SourceDate "2023.10.10"]
[SourceVersion "1"]
[SourceVersionDate "2023.10.10"]
[SourceQuality "1"]
[WhiteTeam "Novi Belgrade Technicka"]
[BlackTeam "Belgrade Polet"]
[WhiteTeamCountry "SRB"]
[BlackTeamCountry "SRB"]

1. Nf3 Nf6 2. g3 e6 3. Bg2 d5 4. 0-0 Be7 5. d4 0-0 6. c4 dxc4 7. a4 Nc6 8. Na3 Na5 9. Bf4 Nb3 10. Ra2 Bxa3 11. Rxa3 Nd5 12. Bd2 Qe7 13. Qc2 Nxd2 14. Nxd2 c3 15. e4 cxd2 16. exd5 exd5 17. Qxd2 Be6 18. f4 Qd7 19. Raf3 Bh3 20. f5 Bxg2 21. Kxg2 f6 22. Rc3 Rfe8 23. Re1 Rxe1 24. Qxe1 Re8 25. Rxc7 Qxa4 26. Rc8 Qc2+ 27. Rxc2 Rxe1 28. Rc5 Re2+ 29. Kf3 Rxb2 30. Rxd5 a6 31. Rd8+ Kf7 32. Rd7+ Kf8 33. Ke4 Rb5 34. g4 a5 35. Kd3 Rb6 36. d5 a4 37. Kc3 a3 38. d6 a2 39. Rd8+ Kf7 40. Rd7+ Ke8 41. Re7+ Kd8 0-1

[Event "Belgrade-chT2 Quality"]
[Site "Belgrade"]
[Date "2022.11.05"]
[Round "8.6"]
[White "Dakic, Marta"]
[Black "Marjanovic, Dragan"]
[Result "1/2-1/2"]
[WhiteElo "1754"]
[BlackElo "1838"]
[PlyCount "24"]
[EventDate "2022.10.15"]
[EventType "team-tourn"]
[EventRounds "13"]
[EventCountry "SRB"]
[SourceTitle "EXT 2024"]
[Source "ChessBase"]
[SourceDate "2023.10.10"]
[SourceVersion "1"]
[SourceVersionDate "2023.10.10"]
[SourceQuality "1"]
[WhiteTeam "Belgrade Polet"]
[BlackTeam "Zemun"]
[WhiteTeamCountry "SRB"]
[BlackTeamCountry "SRB"]

1. e4 e6 2. d4 d5 3. Nc3 Nf6 4. Bg5 Bb4 5. e5 h6 6. Bd2 Bxc3 7. bxc3 Ne4 8. Qg4 g6 9. Bd3 Nxd2 10. Kxd2 c5 11. Nf3 c4 12. Be2 Nc6 1/2-1/2

[Event "SRB-chT (Women)"]
[Site "Custica"]
[Date "2022.10.31"]
[Round "10.4"]
[White "Mehmed, Elif"]
[Black "Dakic, Marta"]
[Result "1-0"]
[WhiteElo "2189"]
[BlackElo "1754"]
[PlyCount "49"]
[EventDate "2022.10.22"]
[EventType "team-tourn"]
[EventRounds "11"]
[EventCountry "SRB"]
[SourceTitle "EXT 2024"]
[Source "ChessBase"]
[SourceDate "2023.10.10"]
[SourceVersion "1"]
[SourceVersionDate "2023.10.10"]
[SourceQuality "1"]
[WhiteTeam "Kostolac Rudar (W)"]
[BlackTeam "Belgrade Vitez (W)"]
[WhiteTeamCountry "SRB"]
[BlackTeamCountry "SRB"]

1. e4 e5 2. Nf3 Nc6 3. Bb5 Nf6 4. d3 Bc5 5. Bxc6 dxc6 6. Nbd2 0-0 7. Nc4 Nd7 8. 0-0 Re8 9. Kh1 a5 10. a4 b6 11. b3 f6 12. Nh4 Nf8 13. Be3 Ne6 14. g3 Bxe3 15. Nxe3 c5 16. f4 exf4 17. gxf4 Bb7 18. Qg4 Qd7 19. Rg1 Rad8 20. Nef5 g5 21. fxg5 Nxg5 22. Nf3 Kh8 23. Nxg5 fxg5 24. Qxg5 Rxe4 25. Qf6+ 1-0

[Event "SRB-chT (Women)"]
[Site "Custica"]
[Date "2022.10.28"]
[Round "7.5"]
[White "Dakic, Marta"]
[Black "Belenkaya, Dina"]
[Result "0-1"]
[WhiteElo "1754"]
[BlackElo "2263"]
[PlyCount "86"]
[EventDate "2022.10.22"]
[EventType "team-tourn"]
[EventRounds "11"]
[EventCountry "SRB"]
[SourceTitle "EXT 2024"]
[Source "ChessBase"]
[SourceDate "2023.10.10"]
[SourceVersion "1"]
[SourceVersionDate "2023.10.10"]
[SourceQuality "1"]
[WhiteTeam "Belgrade Vitez (W)"]
[BlackTeam "Belgrade Crvena Zvezda (W)"]
[WhiteTeamCountry "SRB"]
[BlackTeamCountry "SRB"]

1. e4 c6 2. d4 d5 3. exd5 cxd5 4. Bf4 a6 5. c3 Nc6 6. Nd2 Bf5 7. Ngf3 e6 8. Be2 Bd6 9. Bxd6 Qxd6 10. Nh4 Bg6 11. Nxg6 hxg6 12. Nf3 Nf6 13. h4 b5 14. a3 Ne4 15. Bd3 Qe7 16. Qe2 Nd6 17. Ne5 Nxe5 18. dxe5 Nc4 19. g3 Qc7 20. f4 Rb8 21. Bxc4 bxc4 22. g4 Qb6 23. Rb1 Ke7 24. h5 Rb7 25. Rf1 gxh5 26. gxh5 g6 27. hxg6 fxg6 28. Qf2 Qxf2+ 29. Rxf2 Rh1+ 30. Rf1 Rh4 31. Ke2 Rb8 32. Rf3 Rg4 33. Ke3 Kd7 34. Rf2 g5 35. Rf3 Kc6 36. fxg5 Rxg5 37. Kf4 Rf5+ 38. Ke3 Rxe5+ 39. Kd2 Kc5 40. Rf7 Rh5 41. Rc7+ Kd6 42. Ra7 Rh2+ 43. Kc1 Rg8 0-1

[Event "SRB-chT (Women)"]
[Site "Custica"]
[Date "2022.10.24"]
[Round "3.6"]
[White "Dakic, Marta"]
[Black "Milivojevic, Jasmina"]
[Result "1-0"]
[WhiteElo "1754"]
[BlackElo "1877"]
[PlyCount "43"]
[EventDate "2022.10.22"]
[EventType "team-tourn"]
[EventRounds "11"]
[EventCountry "SRB"]
[SourceTitle "EXT 2024"]
[Source "ChessBase"]
[SourceDate "2023.10.10"]
[SourceVersion "1"]
[SourceVersionDate "2023.10.10"]
[SourceQuality "1"]
[WhiteTeam "Belgrade Vitez (W)"]
[BlackTeam "Novi Banovci (W)"]
[WhiteTeamCountry "SRB"]
[BlackTeamCountry "SRB"]

1. e4 c5 2. Nf3 Nc6 3. d4 cxd4 4. Nxd4 Nf6 5. Nc3 d6 6. Be3 Ng4 7. Bc1 Qb6 8. h3 Nxf2 9. Kxf2 e5 10. Nd5 Qd8 11. Nf3 Be7 12. Nxe7 Qxe7 13. Bc4 0-0 14. Rf1 Kh8 15. Kg1 Qc7 16. Ng5 f5 17. Nxh7 Rf6 18. Nxf6 gxf6 19. Qh5+ Qh7 20. Qe8+ Kg7 21. Qf7+ Kh8 22. Qf8+ 1-0

[Event "Belgrade Trophy 35th"]
[Site "Belgrade"]
[Date "2021.11.28"]
[Round "5"]
[White "Djurisic, Dusan"]
[Black "Dakic, Marta"]
[Result "0-1"]
[WhiteElo "1870"]
[BlackElo "1547"]
[PlyCount "104"]
[EventDate "2021.11.24"]
[EventType "swiss"]
[EventRounds "9"]
[EventCountry "SRB"]
[SourceTitle "CBM 205 Extra"]
[Source "ChessBase"]
[SourceDate "2022.01.31"]
[SourceVersion "1"]
[SourceVersionDate "2022.01.31"]
[SourceQuality "1"]

1. b4 e5 2. Bb2 Bxb4 3. Bxe5 Nf6 4. e3 0-0 5. Nf3 d5 6. Be2 c5 7. c4 Nc6 8. Bb2 d4 9. Ng5 h6 10. Nh3 dxe3 11. fxe3 Bxh3 12. gxh3 Ne4 13. Bf3 Qh4+ 14. Ke2 Qf2+ 15. Kd3 Rad8+ 16. Kc2 Nxd2 17. Qg1 Ne4+ 18. Qxf2 Nxf2 19. Rg1 g6 20. Bd5 Kh7 21. h4 f5 22. h5 g5 23. Nc3 Ng4 24. Nd1 Nge5 25. Rg2 Ba5 26. a3 Bc7 27. Nc3 Ne7 28. Rf1 Ng4 29. Re1 Nxd5 30. cxd5 Nxh2 31. Nb5 Bb8 32. e4 a6 33. Nc3 Nf3 34. Re3 Nd4+ 35. Kb1 f4 36. Rd3 f3 37. Rg1 Ne2 38. Rf1 Nxc3+ 39. Rxc3 g4 40. Rd3 Rfe8 41. Bf6 Rd7 42. Re3 Be5 43. Bh4 Rf7 44. Be1 Ref8 45. d6 g3 46. Bxg3 Bxg3 47. e5 Rf5 48. d7 Bxe5 49. Rfxf3 Rxf3 50. Rxf3 Rd8 51. Rf7+ Kg8 52. Re7 Bf6 0-1

[Event "Belgrade Trophy 35th"]
[Site "Belgrade"]
[Date "2021.11.24"]
[Round "1"]
[White "Marjanovic, Ivan D"]
[Black "Dakic, Marta"]
[Result "1-0"]
[WhiteElo "2046"]
[BlackElo "1547"]
[PlyCount "107"]
[EventDate "2021.11.24"]
[EventType "swiss"]
[EventRounds "9"]
[EventCountry "SRB"]
[SourceTitle "CBM 205 Extra"]
[Source "ChessBase"]
[SourceDate "2022.01.31"]
[SourceVersion "1"]
[SourceVersionDate "2022.01.31"]
[SourceQuality "1"]

1. e4 e5 2. Nf3 Nc6 3. Bc4 Nf6 4. Ng5 d5 5. exd5 Na5 6. Bb5+ c6 7. dxc6 bxc6 8. Qf3 Be7 9. Bxc6+ Nxc6 10. Qxc6+ Bd7 11. Qc4 0-0 12. Nc3 Rc8 13. Qe2 h6 14. Nge4 Nxe4 15. Qxe4 Bc6 16. Qf5 Bxg2 17. Rg1 Bc6 18. d3 Bd7 19. Qh5 Kh7 20. Be3 Bf6 21. 0-0-0 Qc7 22. Rg3 Be6 23. Rdg1 Rg8 24. Kb1 e4 25. d4 Qc4 26. d5 Rb8 27. Bxa7 Rb7 28. dxe6 Bxc3 29. b3 Qxe6 30. Be3 Qa6 31. Qf5+ g6 32. Qxe4 Ra8 33. Kc1 Qxa2 34. Kd1 Rd7+ 35. Ke2 Qa6+ 36. Kf3 Qf6+ 37. Kg2 Rad8 38. Rh3 Re7 39. Rxh6+ Kg8 40. Qh4 Qc6+ 41. Kh3 Qf3+ 42. Rg3 Qf5+ 43. Qg4 Qxc2 44. Qc4 Re6 45. Rh5 Qd1 46. Rhg5 Bg7 47. b4 Qd7 48. R5g4 Rc8 49. Qa2 Re4 50. Qd2 Qe6 51. Bc5 Rxg4 52. Rxg4 f5 53. Rg1 Kf7 54. Re1 1-0

[Event "EU-ch U14 Girls"]
[Site "Bratislava"]
[Date "2019.08.03"]
[Round "2"]
[White "Dakic, Marta"]
[Black "Lindstad, Livia"]
[Result "1-0"]
[WhiteElo "1725"]
[BlackElo "1504"]
[PlyCount "101"]
[EventDate "2019.08.02"]
[EventType "swiss"]
[EventRounds "9"]
[EventCountry "SVK"]
[SourceTitle "EXT 2020"]
[Source "ChessBase"]
[SourceDate "2019.10.17"]
[SourceVersion "1"]
[SourceVersionDate "2019.10.17"]
[SourceQuality "1"]

1. e4 c5 2. Nc3 e6 3. f4 a6 4. Nf3 d5 5. exd5 exd5 6. d4 Nf6 7. Qe2+ Qe7 8. dxc5 Qxe2+ 9. Bxe2 Bxc5 10. b3 Nc6 11. Bb2 Nb4 12. 0-0-0 Be3+ 13. Kb1 Bf5 14. Ne1 d4 15. Ba3 Nc6 16. Na4 b5 17. Nc5 Ra7 18. Bf3 Ne7 19. Bb2 Ng4 20. Bxd4 Bxd4 21. Rxd4 0-0 22. h3 Nf6 23. Ned3 Bxd3 24. Rxd3 Rc8 25. Bb7 Rb8 26. Nxa6 Raxb7 27. Nxb8 Rxb8 28. Rhd1 h5 29. Rd8+ Rxd8 30. Rxd8+ Kh7 31. Rb8 Nfd5 32. g3 Nf5 33. c4 bxc4 34. bxc4 Nde7 35. Rb7 Nc6 36. Rxf7 Nxg3 37. Rc7 Na5 38. Kb2 Nf5 39. Rc5 Nxc4+ 40. Rxc4 Nd6 41. Rc5 g6 42. a4 Nb7 43. Rc7+ Kh6 44. Rxb7 h4 45. a5 g5 46. fxg5+ Kxg5 47. a6 Kf4 48. a7 Kg3 49. a8Q Kh2 50. Rg7 Kxh3 51. Qg2# 1-0

[Event "SRB-ch U14 Girls"]
[Site "Kragujevac"]
[Date "2019.05.04"]
[Round "8"]
[White "Carevic, Milica"]
[Black "Dakic, Marta"]
[Result "0-1"]
[WhiteElo "1526"]
[BlackElo "1626"]
[PlyCount "64"]
[EventDate "2019.04.29"]
[EventType "swiss"]
[EventRounds "9"]
[EventCountry "SRB"]
[SourceTitle "EXT 2022"]
[Source "ChessBase"]
[SourceDate "2021.10.06"]
[SourceVersion "1"]
[SourceVersionDate "2021.10.06"]
[SourceQuality "1"]

1. e4 e5 2. d4 exd4 3. Qxd4 Nc6 4. Qe3 g6 5. Nc3 Bg7 6. Bd2 Nf6 7. 0-0-0 0-0 8. f3 d5 9. exd5 Nxd5 10. Qf2 Qf6 11. Nge2 Ncb4 12. a3 a5 13. Kb1 Bf5 14. Rc1 b5 15. Ng3 Rfb8 16. Nxf5 gxf5 17. h4 Na6 18. Nd1 h6 19. Be3 Nxe3 20. Qxe3 c5 21. g4 f4 22. Qg1 b4 23. g5 hxg5 24. Qxg5 Qxg5 25. hxg5 bxa3 26. b3 Nb4 27. c3 a2+ 28. Ka1 Rd8 29. Rh2 Rab8 30. Bc4 Nd3 31. Bxd3 Rxd3 32. Rxa2 Rxb3 0-1

[Event "SRB-ch U14 Girls"]
[Site "Kragujevac"]
[Date "2019.05.03"]
[Round "7"]
[White "Dakic, Marta"]
[Black "Petrovic, Julija"]
[Result "1-0"]
[WhiteElo "1626"]
[BlackElo "1212"]
[PlyCount "129"]
[EventDate "2019.04.29"]
[EventType "swiss"]
[EventRounds "9"]
[EventCountry "SRB"]
[SourceTitle "EXT 2022"]
[Source "ChessBase"]
[SourceDate "2021.10.06"]
[SourceVersion "1"]
[SourceVersionDate "2021.10.06"]
[SourceQuality "1"]

1. e4 c5 2. Nc3 Nc6 3. Bb5 Nd4 4. Bc4 g6 5. Nge2 Bg7 6. 0-0 e6 7. d3 Ne7 8. a3 b6 9. Nxd4 cxd4 10. Ne2 0-0 11. f4 f5 12. e5 Nc6 13. Qe1 Bb7 14. Qf2 d5 15. Bb3 Kh8 16. Ba4 Qc7 17. Bxc6 Bxc6 18. Nxd4 Qd7 19. Qh4 Rac8 20. Nf3 Qd8 21. Qf2 Bh6 22. Nd4 Bd7 23. Bd2 Rg8 24. c3 g5 25. fxg5 Bxg5 26. Nf3 Bxd2 27. Qxd2 Bb5 28. Nd4 Bd7 29. Nf3 Bb5 30. Rf2 Qc7 31. Re1 a5 32. Nd4 Qd7 33. Nxb5 Qxb5 34. Rf4 Qc5+ 35. Qe3 Qxe3+ 36. Rxe3 Rg5 37. Kf1 Rcg8 38. Re2 R8g7 39. b4 Rg4 40. Ref2 axb4 41. axb4 b5 42. Rxg4 Rxg4 43. g3 d4 44. c4 bxc4 45. dxc4 d3 46. Rf4 Rg7 47. Rd4 Rc7 48. Ke1 Rb7 49. c5 Kg7 50. Kd2 Kf7 51. Kxd3 Ke7 52. Kc4 Ra7 53. Rd2 Ra1 54. c6 Rc1+ 55. Kb5 Re1 56. c7 Rxe5+ 57. Kb6 Re4 58. c8Q Rxb4+ 59. Kc5 Rb1 60. Qd8+ Kf7 61. Rd7+ Kg6 62. Qg8+ Kf6 63. Qh8+ Kg6 64. Qxh7+ Kf6 65. Qg7# 1-0

[Event "SRB-ch U14 Girls"]
[Site "Kragujevac"]
[Date "2019.05.02"]
[Round "5"]
[White "Dakic, Marta"]
[Black "Savic, Dunja"]
[Result "1-0"]
[WhiteElo "1626"]
[BlackElo "1368"]
[PlyCount "65"]
[EventDate "2019.04.29"]
[EventType "swiss"]
[EventRounds "9"]
[EventCountry "SRB"]
[SourceTitle "EXT 2022"]
[Source "ChessBase"]
[SourceDate "2021.10.06"]
[SourceVersion "1"]
[SourceVersionDate "2021.10.06"]
[SourceQuality "1"]

1. e4 e5 2. Nf3 Nf6 3. Nxe5 d6 4. Nf3 Nxe4 5. Nc3 Nxc3 6. dxc3 Be7 7. Be3 Nc6 8. Qd2 Be6 9. 0-0-0 Qd7 10. Kb1 a6 11. Be2 0-0-0 12. Ng5 Bxg5 13. Bxg5 f6 14. Be3 Qf7 15. b3 Kb8 16. h3 Ne7 17. f4 c5 18. Bf3 c4 19. Rhe1 cxb3 20. axb3 Bf5 21. Kb2 h6 22. g4 Bh7 23. Ba7+ Ka8 24. Ra1 Nc6 25. Bb6 Rd7 26. Bd5 Qf8 27. Rxa6+ bxa6 28. Bxc6+ Rb7 29. Qg2 Qf7 30. Qe2 Kb8 31. Qxa6 Rxb6 32. Qxb6+ Kc8 33. Ra1 1-0

[Event "SRB-ch U14 Girls"]
[Site "Kragujevac"]
[Date "2019.04.30"]
[Round "2"]
[White "Gligoric, Sofija"]
[Black "Dakic, Marta"]
[Result "0-1"]
[WhiteElo "1458"]
[BlackElo "1626"]
[PlyCount "120"]
[EventDate "2019.04.29"]
[EventType "swiss"]
[EventRounds "9"]
[EventCountry "SRB"]
[SourceTitle "EXT 2022"]
[Source "ChessBase"]
[SourceDate "2021.10.06"]
[SourceVersion "1"]
[SourceVersionDate "2021.10.06"]
[SourceQuality "1"]

1. e4 e5 2. Nf3 d6 3. Be2 Nf6 4. Nc3 Be7 5. 0-0 0-0 6. d3 c6 7. Be3 d5 8. exd5 cxd5 9. Bg5 Nc6 10. d4 e4 11. Ne5 Be6 12. f3 Rc8 13. Qd2 Nxd4 14. Bxf6 Nxe2+ 15. Nxe2 Bxf6 16. f4 Bxe5 17. fxe5 Qc7 18. Qc3 Qb6+ 19. Qd4 Rxc2 20. Qxb6 axb6 21. Nc3 Rxb2 22. Rfd1 e3 23. a4 f6 24. Nxd5 Bxd5 25. Rxd5 fxe5 26. Rf1 Rxf1+ 27. Kxf1 e2+ 28. Ke1 e4 29. Rd4 Kf7 30. Rxe4 Rc2 31. Rb4 Rc6 32. a5 bxa5 33. Rxb7+ Kg6 34. Ra7 Rc5 35. Kxe2 h6 36. h3 Kf6 37. Kf3 g6 38. Ra6+ Kf7 39. Ra7+ Ke8 40. Ra6 Rf5+ 41. Ke4 Rg5 42. Kf3 Rf5+ 43. Ke4 Kf7 44. Ra7+ Kf6 45. Ra6+ Kf7 46. Ra7+ Kf8 47. Ra8+ Ke7 48. Ra7+ Kd8 49. Ra6 Rg5 50. g4 Kc7 51. Kf4 Kb7 52. Rd6 a4 53. h4 Ra5 54. g5 hxg5+ 55. hxg5 a3 56. Rd1 a2 57. Ra1 Kc6 58. Ke3 Kd5 59. Kd2 Ke4 60. Ke2 Kf5 0-1

[Event "Wch U12 Girls"]
[Site "Santiago de Compostela"]
[Date "2018.11.13"]
[Round "9"]
[White "Dakic, Marta"]
[Black "Nurmanova, Alua"]
[Result "1-0"]
[WhiteElo "1756"]
[BlackElo "1780"]
[PlyCount "97"]
[EventDate "2018.11.04"]
[EventType "swiss"]
[EventRounds "11"]
[EventCountry "ESP"]
[SourceTitle "EXT 2022"]
[Source "ChessBase"]
[SourceDate "2021.10.06"]
[SourceVersion "1"]
[SourceVersionDate "2021.10.06"]
[SourceQuality "1"]

1. e4 c5 2. Nc3 d6 3. f4 Nf6 4. Nf3 g6 5. Bb5+ Nc6 6. 0-0 Bg7 7. Bxc6+ bxc6 8. d3 0-0 9. Qe1 e6 10. e5 Ne8 11. Qf2 d5 12. Qxc5 Bd7 13. Qf2 Qb6 14. Na4 Qxf2+ 15. Rxf2 Nc7 16. Nc5 Rfd8 17. a4 Bf8 18. Be3 a5 19. Nd2 Be8 20. Bd4 Rdb8 21. Ndb3 Na6 22. Nxa6 Rxa6 23. Ra2 Be7 24. Bc5 Bd8 25. Bd6 Rxb3 26. cxb3 Bb6 27. b4 axb4 28. b3 Bxf2+ 29. Kxf2 Kg7 30. Ke3 f6 31. exf6+ Kxf6 32. Bxb4 Kf7 33. Bc5 Bd7 34. a5 Be8 35. b4 Bd7 36. Rf2 Ra8 37. Kd4 Kf6 38. Bd6 Ra6 39. g4 Bc8 40. Kc5 Bd7 41. h3 Kf7 42. g5 Ke8 43. Be5 Ke7 44. Bf6+ Ke8 45. Kd6 Ra8 46. Kc7 c5 47. Kb7 Rc8 48. a6 cxb4 49. a7 1-0